| 000 | 00784cam a2200265 u 4500 | ||
|---|---|---|---|
| 003 | UPN | ||
| 005 | 20220915064201.0 | ||
| 008 | 090522s2006 cl a br 000 j spa d | ||
| 020 | _a9589777309 | ||
| 035 | _aUPN01000170591 | ||
| 040 |
_aMX-MxUPN _bspa _cMX-MxUPN |
||
| 050 | 4 |
_aPQ8180.26 A3 _bP4 2006 |
|
| 100 | 1 |
_aPadilla, Constanza, _d1967- |
|
| 245 | 1 | 0 |
_aPedro Urdemales : _blos viajes de un pícaro |
| 250 | _a1a edición | ||
| 260 |
_aBogotá : _bEdiciones B, _c2006. |
||
| 300 |
_a79 páginas : _bilustraciones |
||
| 490 | 0 | _aIguana | |
| 650 | 7 |
_aCuentos colombianos _2 _96585 |
|
| 650 | 7 |
_aLiteratura juvenil colombiana _2 _913859 |
|
| 700 | 1 |
_946393 _aRodríguez, Lucho _eilustrador |
|
| 902 | _bVíctorGodínez/140922/M | ||
| 905 | _aLibro | ||
| 942 |
_2lcc _cLIBRO |
||
| 999 |
_c142696 _d142696 |
||